000 00644nam a2200193 i 4500
001 110985
003 ES-MaACL
005 20231204174648.0
007 t|
008 061121s1932 sp r ||||1| spa d
100 1 _aOgnief, Nicolai.
_986577
245 1 0 _aCostia Riabtsev en la Universidad /
_cNicolai Ognief ; traducción directa del ruso por Tatiana Enco de Valero, José María Quiroga Pla.
260 _aMadrid :
_bEspasa Calpe,
_c1932.
300 _a324 p. ;
_c19 cm.
700 1 _aEnco de Valero, Tatiana.
_947193
700 1 _aQuiroga Plá, José María,
_d1902-1955
_994784
852 _aES-MaACL
_jA-662
999 _c110985
_d110985